[Event "FIDE World Rapid Team"]
[Site "Almaty KAZ"]
[Date "2024.08.03"]
[Round "5.15"]
[White "Zheenbekov, Nurgazy"]
[Black "Ermekbaev, Iliyas"]
[Result "1-0"]
[WhiteElo "2124"]
[BlackElo "1621"]
[WhiteTeam "Kyrgyz Chess Academy"]
[BlackTeam "Chess Empire"]
[WhiteFideId "13800485"]
[BlackFideId "13784420"]
[EventDate "2024.08.02"]

1. e4 c5 2. Nf3 d6 3. c3 Nf6 4. Bd3 Nbd7 5. Bc2 b6 6. O-O Bb7 7. Re1 e6 8. d4
cxd4 9. cxd4 Be7 10. Nc3 O-O 11. Qd3 d5 12. e5 Ne4 13. Qe3 f5 14. Bxe4 dxe4 15.
Nd2 Rf7 16. Nc4 a6 17. a4 Nf8 18. b3 Ng6 19. Ba3 Bxa3 20. Rxa3 Bc6 1-0

[Event "FIDE World Rapid Team"]
[Site "Almaty KAZ"]
[Date "2024.08.03"]
[Round "5.16"]
[White "Sartbayev, Askar"]
[Black "Zlotnik, Andrey"]
[Result "1/2-1/2"]
[WhiteElo "1702"]
[BlackElo "2096"]
[WhiteTeam "Chess Empire"]
[BlackTeam "Kyrgyz Chess Academy"]
[WhiteFideId "13751190"]
[BlackFideId "54107385"]
[EventDate "2024.08.02"]

1. e4 c6 2. d4 d5 3. e5 Bf5 4. Nc3 e6 5. g4 Bg6 6. Nge2 Bb4 7. Bg2 c5 8. a3 cxd4
9. axb4 dxc3 10. bxc3 Nc6 11. h4 h5 12. Nf4 Nge7 13. gxh5 Bf5 14. b5 Nxe5 15.
Qd4 Nd7 16. Qd1 Nf6 17. Be3 Be4 18. Rg1 Nf5 19. Bxe4 Nxe3 20. fxe3 Nxe4 21. Qg4
Qf6 22. Qxg7 Qxh4+ 23. Kd1 Rf8 24. Kc1 Qf2 25. Kb2 Qxe3 26. Nxd5 exd5 27. Qe5+
Kd7 28. Qxd5+ Kc7 29. Qe5+ Kb6 30. Rae1 Qxc3+ 31. Qxc3 Nxc3 32. Kxc3 Rac8+ 33.
Kb3 Rc5 34. c4 Rxh5 35. Kb4 Rc8 36. Rgf1 a5+ 37. bxa6 bxa6 38. Rxf7 a5+ 39. Kc3
Rh3+ 40. Kb2 Rxc4 41. Rf6+ Kb5 42. Re5+ Kb4 43. Rb6+ Ka4 44. Re2 Rhc3 45. Rb8
Rc1 46. Rb6 Rf1 47. Rb7 Rf6 48. Rb8 Rfc6 49. Rb7 R6c5 50. Rb3 Rh5 51. Rb8 Rh3
52. Rb6 Rd3 53. Rb8 Rd7 54. Rb3 Rdc7 55. Ra3+ Kb4 56. Rb3+ Ka4 57. Ra3+ Kb5 58.
Re5+ R7c5 59. Rxc5+ Rxc5 60. Rb3+ Ka6 61. Ka3 Rh5 62. Ka4 Rh4+ 63. Ka3 Re4 64.
Rb8 Ka7 65. Rb5 Ka6 66. Rb8 Rc4 67. Rb1 Rc3+ 68. Ka4 Rc2 69. Ka3 Rh2 70. Rb8 Rh1
71. Ra8+ Kb6 72. Rb8+ Ka7 73. Rb5 Ka6 74. Rb8 Ra1+ 75. Kb2 Ra4 76. Kb3 Rh4 77.
Ka3 Rh1 78. Ra8+ Kb6 79. Rb8+ Ka7 80. Rb5 Ka6 81. Rb8 1/2-1/2

[Event "FIDE World Rapid Team"]
[Site "Almaty KAZ"]
[Date "2024.08.03"]
[Round "5.17"]
[White "Samaganova, Aleksandra"]
[Black "Adilbekuly, Altair"]
[Result "0-1"]
[WhiteTitle "WFM"]
[WhiteElo "1948"]
[BlackElo "1694"]
[WhiteTeam "Kyrgyz Chess Academy"]
[BlackTeam "Chess Empire"]
[WhiteFideId "13800221"]
[BlackFideId "13763130"]
[EventDate "2024.08.02"]

1. c4 Nf6 2. Nc3 g6 3. g3 Bg7 4. Bg2 O-O 5. e3 c5 6. Nge2 d6 7. O-O Nc6 8. h3
Bd7 9. d4 Rb8 10. b3 a6 11. Bb2 b5 12. cxb5 axb5 13. Qd2 b4 14. Nd5 Nxd5 15.
Bxd5 Na5 16. Bg2 c4 17. bxc4 Nxc4 18. Qc1 Rc8 19. e4 Qb6 20. Rd1 Na3 21. Qf4 Rc2
22. Rd2 e5 23. Qg5 h6 24. Qe3 Nc4 25. Rxc2 Nxe3 26. fxe3 Ba4 27. Rd2 Rc8 28. Kh2
Rc4 29. Rb1 Qc7 30. dxe5 Bxe5 31. Nd4 Kh7 32. Rf1 Be8 33. Rdf2 Kg7 34. Rd2 Bd7
35. Rff2 Kg8 36. Bf1 d5 37. Kg2 Bxg3 38. Rf6 Be1 39. Rdf2 Bxf2 40. Rxf2 dxe4 41.
Be2 Rc5 42. Nb3 Rg5+ 43. Kf1 Bxh3+ 44. Ke1 Rg1+ 45. Kd2 Qd6+ 46. Bd4 Qg3 47. Rf6
Qe1+ 48. Kc2 Qb1+ 49. Kd2 Qxa2+ 0-1

[Event "FIDE World Rapid Team"]
[Site "Almaty KAZ"]
[Date "2024.08.03"]
[Round "5.18"]
[White "Zhumagali, Raian"]
[Black "Tynybekov, Bakyt"]
[Result "0-1"]
[WhiteTitle "WCM"]
[WhiteElo "1632"]
[BlackElo "1795"]
[WhiteTeam "Chess Empire"]
[BlackTeam "Kyrgyz Chess Academy"]
[WhiteFideId "13730150"]
[BlackFideId "13803360"]
[EventDate "2024.08.02"]

1. e4 e6 2. d4 d5 3. Nd2 Nf6 4. e5 Nfd7 5. Ngf3 c5 6. c3 Qb6 7. Bd3 Nc6 8. O-O
cxd4 9. cxd4 Nxd4 10. Nxd4 Qxd4 11. Nf3 Qb6 12. a3 a5 13. Qa4 Be7 14. Qg4 g6 15.
Qf4 h6 16. Qg3 Nc5 17. Bc2 Nb3 18. Rb1 Bd7 19. Be3 d4 20. Bd2 Nxd2 21. Nxd2 Rc8
22. Bd3 Bb5 23. Ne4 Bxd3 24. Qxd3 O-O 25. Rfd1 Rfd8 26. Qd2 Kg7 27. Rbc1 Rc6 28.
Rxc6 Qxc6 29. Ng3 a4 30. Rc1 Qb5 31. Rd1 Qxe5 32. Qd3 b5 33. Ne2 Bf6 34. h3 Qd5
35. Nf4 Qc4 36. Qg3 Kh7 37. Nd3 Qb3 38. Qf3 Bg7 39. Rd2 Rd7 40. Qf4 Qd5 41. Qb8
e5 42. Nb4 Qb7 43. Qe8 e4 44. Rd1 Re7 45. Qc6 e3 46. Qxb7 Rxb7 47. fxe3 dxe3 48.
Kf1 Bxb2 49. Rd3 Bc1 50. Nd5 Re7 51. Ke2 Kg7 52. Nc3 Re5 53. g4 Bxa3 54. Nb1 Bc1
55. Rc3 Bb2 56. Rc2 a3 57. Nc3 b4 58. Nd1 b3 59. Rxb2 axb2 60. Nxb2 Ra5 61. Kxe3
Ra2 62. Nc4 b2 0-1

[Event "FIDE World Rapid Team"]
[Site "Almaty KAZ"]
[Date "2024.08.03"]
[Round "5.19"]
[White "Khusnutdinov, Rustam"]
[Black "Williams, Justus"]
[Result "1-0"]
[WhiteTitle "GM"]
[BlackTitle "IM"]
[WhiteElo "2429"]
[BlackElo "2361"]
[WhiteTeam "Helicopter"]
[BlackTeam "Kazakhstan dream team"]
[WhiteFideId "13701703"]
[BlackFideId "2049929"]
[EventDate "2024.08.02"]

1. e4 c5 2. Nf3 e6 3. c3 d5 4. exd5 Qxd5 5. d4 Nf6 6. Na3 a6 7. Nc4 Nbd7 8. Be2
b6 9. Bf4 Qc6 10. Nfe5 Qe4 11. Nxd7 Nxd7 12. Be3 Ra7 13. Bf3 Qh4 14. g3 Qd8 15.
dxc5 Bxc5 16. Bxc5 bxc5 17. Qd6 Qc7 18. O-O-O Qxd6 19. Rxd6 Ke7 20. Rhd1 Rc7 21.
Na5 Ne5 22. Be2 c4 23. R6d4 Rc5 24. Nxc4 Nxc4 25. Rxc4 Rxc4 26. Bxc4 Bb7 27. Be2
h5 28. h4 g5 29. hxg5 h4 30. gxh4 Rxh4 31. Kd2 Rf4 32. f3 Rf5 33. Rg1 a5 34. Ke3
Re5+ 35. Kf2 Rd5 36. g6 fxg6 37. Rxg6 Kd6 38. Rg1 a4 39. Rd1 a3 40. bxa3 1-0

[Event "FIDE World Rapid Team"]
[Site "Almaty KAZ"]
[Date "2024.08.03"]
[Round "5.20"]
[White "Ishmukhametov, Adil"]
[Black "Gubaydulin, Talgat"]
[Result "1/2-1/2"]
[BlackTitle "IM"]
[WhiteElo "2077"]
[BlackElo "2385"]
[WhiteTeam "Kazakhstan dream team"]
[BlackTeam "Helicopter"]
[WhiteFideId "13700170"]
[BlackFideId "14202174"]
[EventDate "2024.08.02"]

1. e4 e6 2. d4 d5 3. exd5 exd5 4. Bd3 c5 5. c3 Nc6 6. Be3 c4 7. Bc2 Bd6 8. h3
Nge7 9. Qf3 Be6 10. Ne2 f6 11. Nd2 b5 12. a3 Qd7 13. Bf4 O-O 14. Bxd6 Qxd6 15.
Qf4 Qxf4 16. Nxf4 Bf7 17. O-O g5 18. Ne2 Bg6 19. Bxg6 Nxg6 20. f4 Rae8 21. Rae1
gxf4 22. Rf2 Nd8 23. a4 a6 24. axb5 axb5 25. Ra1 Ne6 26. Ra6 Kf7 27. Nb1 Ra8 28.
Rd6 Rfd8 29. Rxd8 Rxd8 30. Na3 Rb8 31. Nc2 Ke7 32. Rf1 Ra8 33. Na3 Ra5 34. Nc2
Kd6 35. Nb4 Ra4 36. g3 fxg3 37. Nxg3 Ngf4 38. Nf5+ Kd7 39. Kh2 Ra8 40. Ne3 Kd6
41. Nf5+ 1/2-1/2

[Event "FIDE World Rapid Team"]
[Site "Almaty KAZ"]
[Date "2024.08.03"]
[Round "5.21"]
[White "Rodionov, Adil"]
[Black "Ishmukhametova, Dilyara"]
[Result "1-0"]
[WhiteElo "2353"]
[BlackElo "1954"]
[WhiteTeam "Helicopter"]
[BlackTeam "Kazakhstan dream team"]
[WhiteFideId "13701266"]
[BlackFideId "13703072"]
[EventDate "2024.08.02"]

1. e4 c5 2. Nf3 e6 3. Nc3 d5 4. exd5 exd5 5. Bb5+ Bd7 6. O-O Bxb5 7. Nxb5 Be7 8.
d4 a6 9. Nc3 Nf6 10. dxc5 O-O 11. Bg5 Nbd7 12. Nxd5 Nxd5 13. Qxd5 Nxc5 14. Rad1
Qxd5 15. Rxd5 Bxg5 16. Rxg5 Ne6 17. Rd5 Rfc8 18. c3 Rd8 19. Rfd1 Rxd5 20. Rxd5
Rd8 21. Rxd8+ Nxd8 22. Nd4 Kf8 23. f4 Ke7 24. Kf2 g6 25. Ke3 Kd6 26. g4 b6 27.
Ke4 Nb7 28. b4 Nd8 29. h4 f6 30. c4 Nf7 31. Nb3 h6 32. c5+ Kc6 33. Nd4+ Kb7 34.
Kd5 Nd8 35. Kd6 g5 36. hxg5 fxg5 37. Kd7 bxc5 38. bxc5 Nf7 1-0

[Event "FIDE World Rapid Team"]
[Site "Almaty KAZ"]
[Date "2024.08.03"]
[Round "5.22"]
[White "Zhunusov, Nurlan"]
[Black "Primbetov, Kazbek"]
[Result "1/2-1/2"]
[BlackTitle "FM"]
[WhiteElo "1771"]
[BlackElo "2059"]
[WhiteTeam "Kazakhstan dream team"]
[BlackTeam "Helicopter"]
[WhiteFideId "13708872"]
[BlackFideId "13702297"]
[EventDate "2024.08.02"]

1. e4 e6 2. d4 d5 3. Nc3 Bb4 4. e5 b6 5. a3 Bf8 6. Bb5+ c6 7. Bd3 Ba6 8. Nf3 Qd7
9. Ne2 Bxd3 10. Qxd3 c5 11. c4 Ne7 12. O-O Nbc6 13. Rd1 dxc4 14. Qxc4 Na5 15.
Qc2 c4 16. Bd2 Nb3 17. Rab1 Rc8 18. Bb4 Nd5 19. Bxf8 Kxf8 20. Nc3 h6 21. Ne4 b5
22. Nd6 Rc7 23. Re1 g6 24. Ne4 Qe7 25. Ned2 Na5 26. Ne4 Nb3 27. Ned2 Na5 1/2-1/2

[Event "FIDE World Rapid Team"]
[Site "Almaty KAZ"]
[Date "2024.08.03"]
[Round "5.23"]
[White "Kovanova, Mariya"]
[Black "Beisikenov, Eduard"]
[Result "0-1"]
[WhiteTitle "WFM"]
[WhiteElo "2118"]
[BlackElo "1821"]
[WhiteTeam "Helicopter"]
[BlackTeam "Kazakhstan dream team"]
[WhiteFideId "13704818"]
[BlackFideId "13785079"]
[EventDate "2024.08.02"]

1. e4 e5 2. Nf3 Nc6 3. Nc3 Nf6 4. Be2 Bc5 5. Nxe5 O-O 6. Nxc6 dxc6 7. O-O Re8 8.
d3 b5 9. Bf4 a5 10. Bf3 Ra6 11. Qd2 Bg4 12. Bxg4 Nxg4 13. h3 Ne5 14. Rad1 Bd4
15. Be3 b4 16. Na4 c5 17. f4 Nd7 18. Qf2 Bxe3 19. Qxe3 Rc6 20. b3 Qe7 21. Qf3
Rf6 22. g4 g5 23. f5 h6 24. Rfe1 Ne5 25. Qe3 Rc6 26. Re2 Rd8 27. Rf1 f6 28. Qg3
Kg7 29. h4 Qd6 30. Rh2 Qd4+ 31. Kh1 Rcd6 32. hxg5 hxg5 33. Qh3 Rg8 34. Qh7+ Kf8
35. Qxc7 Nxd3 36. cxd3 Qxd3 37. Qc8+ Kg7 38. Qb7+ Rd7 39. Qxd7+ Qxd7 40. Rf3
Qd1+ 41. Kg2 Rd8 42. Nxc5 Qc2+ 43. Rf2 Qxc5 44. Rh1 Qe3 45. Rh3 Qxe4+ 46. Rhf3
Qxg4+ 47. Kf1 Qe4 48. Kg2 g4 0-1

[Event "FIDE World Rapid Team"]
[Site "Almaty KAZ"]
[Date "2024.08.03"]
[Round "5.25"]
[White "Annaberdiyev, Meylis"]
[Black "Malyi, Viacheslav"]
[Result "1/2-1/2"]
[WhiteTitle "GM"]
[BlackTitle "FM"]
[WhiteElo "2431"]
[BlackElo "2391"]
[WhiteTeam "TKM Chess"]
[BlackTeam "KRG-Team"]
[WhiteFideId "14000563"]
[BlackFideId "14123983"]
[EventDate "2024.08.02"]

1. e4 e5 2. Nf3 Nc6 3. Nc3 Nf6 4. h3 d5 5. exd5 Nxd5 6. Bb5 Nxc3 7. bxc3 Bd6 8.
O-O O-O 9. d4 exd4 10. cxd4 h6 11. Rb1 Bf5 12. Bd3 Bxd3 13. Qxd3 b6 14. Bd2 Qf6
15. Rfe1 Rfe8 16. Re4 Rxe4 17. Qxe4 Qg6 18. Qxg6 fxg6 19. Re1 Kf7 20. d5 Ne7 21.
c4 Re8 22. Bc3 g5 23. Re6 g6 24. Rf6+ Kg8 25. a4 Rf8 26. Re6 Rf4 27. Nd2 Kf7 28.
g3 Rf5 29. Kg2 Bc5 30. Ne4 c6 31. Rf6+ Rxf6 32. Nxf6 cxd5 33. cxd5 a6 34. Kf3 b5
35. axb5 axb5 36. Bb2 Nf5 37. Ne4 Bb4 38. Be5 Ke7 39. g4 Nd6 40. Bg7 Nxe4 41.
Kxe4 h5 42. gxh5 gxh5 43. Kf5 Bd2 44. Bb2 b4 45. Ke4 g4 46. hxg4 hxg4 47. Kd3
Be1 48. Ke2 Bc3 49. Bxc3 bxc3 50. Kd3 Kd6 51. Kxc3 Kxd5 52. Kd3 Ke5 53. Ke2 Ke4
54. Ke1 Kf3 55. Kf1 g3 56. fxg3 Kxg3 57. Kg1 1/2-1/2

[Event "FIDE World Rapid Team"]
[Site "Almaty KAZ"]
[Date "2024.08.03"]
[Round "5.26"]
[White "Altynbekuly, Madiyar"]
[Black "Turayev, Shahruh"]
[Result "1-0"]
[WhiteElo "2114"]
[BlackElo "2097"]
[WhiteTeam "KRG-Team"]
[BlackTeam "TKM Chess"]
[WhiteFideId "13736264"]
[BlackFideId "14003856"]
[EventDate "2024.08.02"]

1. d4 d5 2. Bf4 Nf6 3. e3 c5 4. Nf3 Nc6 5. Nbd2 g6 6. dxc5 Bg7 7. c3 a5 8. a4
O-O 9. Bb5 Nh5 10. Bg5 Qc7 11. Nb3 Rd8 12. O-O Bg4 13. h3 Bd7 14. Nfd4 Be8 15.
Qe2 Rd7 16. Bd3 e5 17. Nb5 Qb8 18. Rfd1 f6 19. Bh4 e4 20. Bc2 g5 21. g4 gxh4 22.
gxh5 Ne5 23. N3d4 Nf3+ 24. Nxf3 Bxh5 25. Bxe4 dxe4 26. Rxd7 Qe8 27. Qc4+ Kh8 28.
Rxg7 Kxg7 29. Nxh4 Qe5 30. Kh1 Bf7 31. Rg1+ Kf8 32. Qd4 Re8 33. Qxe5 Rxe5 34. b4
Rh5 35. Rg4 Bb3 36. Nd6 Bxa4 37. Nxb7 Bd1 38. Rf4 a4 39. Kh2 a3 40. Rxf6+ Ke7
41. Ra6 Rxh4 42. Rxa3 Rh6 43. Nd6 Ke6 44. Nxe4 Kd5 45. Nd2 Bg4 46. Kg3 Bc8 47.
c4+ Ke5 48. Nf3+ Ke4 49. Ng5+ Kf5 50. h4 Rg6 51. Ra8 Rg8 52. e4+ Ke5 53. f4+ Kd4
54. Kf2 h6 55. Nf7 Rf8 56. Nd6 Rxf4+ 57. Kg3 Rg4+ 58. Kf3 Be6 59. Re8 Rg6 60. c6
Rf6+ 61. Kg3 Rg6+ 62. Kh2 Ke3 63. Rxe6 Rxe6 64. c7 Rxd6 65. c8=Q Rd2+ 66. Kg3
Kxe4 67. Qe6+ Kd4 1-0

[Event "FIDE World Rapid Team"]
[Site "Almaty KAZ"]
[Date "2024.08.03"]
[Round "5.27"]
[White "Halynyazov, Vepaly"]
[Black "Kozhabekov, Adilkhan"]
[Result "1-0"]
[WhiteElo "2049"]
[BlackElo "1855"]
[WhiteTeam "TKM Chess"]
[BlackTeam "KRG-Team"]
[WhiteFideId "14004020"]
[BlackFideId "13702858"]
[EventDate "2024.08.02"]

1. d4 Nf6 2. c4 g6 3. Nc3 Bg7 4. e4 O-O 5. h3 d6 6. Bg5 Nbd7 7. Nf3 h6 8. Be3 e5
9. d5 Kh7 10. Be2 Qe7 11. g4 Ng8 12. h4 Nc5 13. Nd2 f5 14. h5 f4 15. Bxc5 dxc5
16. hxg6+ Kxg6 17. g5 Kh7 18. gxh6 Nxh6 19. Qb3 Rf6 20. O-O-O Rb6 21. Qc2 Bd7
22. Rdg1 Rg8 23. Nf3 Bf8 24. d6 Rxg1+ 25. Rxg1 Rxd6 26. Nd5 Qd8 27. Nxe5 Bc8 28.
Nf7 Nxf7 29. e5+ Kh8 30. exd6 Qxd6 31. Rg6 Qe5 32. Nf6 Bg7 33. Rh6+ 1-0

[Event "FIDE World Rapid Team"]
[Site "Almaty KAZ"]
[Date "2024.08.03"]
[Round "5.28"]
[White "Savitskiy, Vladimir"]
[Black "Agajanova, Meryem"]
[Result "1/2-1/2"]
[BlackTitle "WCM"]
[WhiteElo "1893"]
[BlackElo "2007"]
[WhiteTeam "KRG-Team"]
[BlackTeam "TKM Chess"]
[WhiteFideId "13739999"]
[BlackFideId "14005930"]
[EventDate "2024.08.02"]

1. d4 Nf6 2. c4 e6 3. Nf3 d5 4. Nc3 Bb4 5. cxd5 exd5 6. Bf4 c6 7. e3 Qa5 8. Qb3
Bf5 9. Be2 Nbd7 10. O-O O-O 11. a3 Bxc3 12. bxc3 b5 13. h3 Ne4 14. Rfc1 Nb6 15.
Ne5 Rac8 16. f3 Nd2 17. Qa2 Ndc4 18. Nxc4 bxc4 19. Qd2 Rfe8 20. Kf2 h6 21. Bd1
c5 22. Bc2 Bxc2 23. Rxc2 Na4 24. Bd6 Re6 25. dxc5 Nxc5 26. Bxc5 Qxc5 27. Rcc1
Rce8 28. Re1 Rb6 29. a4 Reb8 30. Ra2 Rb3 31. Rd1 Ra3 32. Rc2 Rd8 33. Ra2 Rxa2
34. Qxa2 Re8 35. Rd4 Qa5 36. Qd2 Qxa4 37. Rxd5 a5 38. Qb2 Qb3 39. Qxb3 cxb3 40.
Rxa5 Rc8 41. Ke2 Rxc3 42. g4 g5 43. Rb5 Kg7 44. Kd2 Rc2+ 45. Kd3 Rf2 46. Ke4 b2
47. f4 gxf4 48. exf4 Rh2 49. Kf5 Rxh3 50. Rxb2 Ra3 51. Rb5 1/2-1/2

[Event "FIDE World Rapid Team"]
[Site "Almaty KAZ"]
[Date "2024.08.03"]
[Round "5.29"]
[White "Ezizov, Muhammet"]
[Black "Kazhiakhmetova, Yerkenaz"]
[Result "1/2-1/2"]
[WhiteElo "1909"]
[BlackElo "1602"]
[WhiteTeam "TKM Chess"]
[BlackTeam "KRG-Team"]
[WhiteFideId "14003759"]
[BlackFideId "13777610"]
[EventDate "2024.08.02"]

1. c4 Nf6 2. g3 c6 3. Bg2 d5 4. cxd5 cxd5 5. Nf3 Nc6 6. O-O Bf5 7. d4 e6 8. a3
Bd6 9. Nh4 Bg6 10. Nxg6 hxg6 11. Bg5 Qb6 12. Bxf6 gxf6 13. e3 Qxb2 14. Nd2 Qb6
15. Rb1 Qc7 16. e4 dxe4 17. Nxe4 Be7 18. d5 exd5 19. Qxd5 O-O 20. Qb5 Rab8 21.
Qb2 Qe5 22. Nc3 f5 23. Rfe1 Qf6 24. Nd5 Qxb2 25. Nxe7+ Nxe7 26. Rxb2 Nc6 27. Rc1 1/2-1/2

[Event "FIDE World Rapid Team"]
[Site "Almaty KAZ"]
[Date "2024.08.03"]
[Round "5.30"]
[White "Amangeldinov, Alkey"]
[Black "Sholpanbek, Zhansaya"]
[Result "0-1"]
[WhiteElo "1721"]
[BlackElo "1752"]
[WhiteTeam "KRG-Team"]
[BlackTeam "TKM Chess"]
[WhiteFideId "13770268"]
[BlackFideId "13775111"]
[EventDate "2024.08.02"]

1. d4 Nf6 2. c4 g6 3. Nc3 Bg7 4. e4 d6 5. h3 O-O 6. Be3 Nbd7 7. g4 e5 8. d5 b6
9. Nf3 Nc5 10. Qc2 a5 11. Be2 a4 12. O-O-O Bd7 13. Nd2 a3 14. b3 Be8 15. h4 Na6
16. Rdg1 Rc8 17. h5 c6 18. g5 Nb4 19. Qd1 Nfxd5 20. exd5 cxd5 21. Nf3 dxc4 22.
bxc4 d5 23. Rh4 Qd6 24. Qd2 Na6 25. Kd1 Qb4 26. Ke1 d4 27. Nxd4 exd4 28. Bxd4
Rd8 29. f3 Bc6 30. Kf2 Rxd4 31. Rxd4 Qc5 32. Rd1 Rd8 33. Kg2 Rxd4 34. Qe3 Rg4+
35. Kf2 Rg2+ 36. Kxg2 Qxe3 0-1

[Event "FIDE World Rapid Team"]
[Site "Almaty KAZ"]
[Date "2024.08.03"]
[Round "5.31"]
[White "von Gleich, Alexander"]
[Black "Tuleyeva-Aketayeva, Dana"]
[Result "1/2-1/2"]
[WhiteTitle "FM"]
[BlackTitle "WIM"]
[WhiteElo "2214"]
[BlackElo "2130"]
[WhiteTeam "Chess Dream"]
[BlackTeam "Abai Chess Team"]
[WhiteFideId "4603869"]
[BlackFideId "13701932"]
[EventDate "2024.08.02"]

1. Nf3 d5 2. g3 g6 3. c4 c6 4. Bg2 Bg7 5. d4 Nf6 6. O-O O-O 7. b3 Ne4 8. Bb2 Nd7
9. Nbd2 f5 10. cxd5 cxd5 11. Qc2 Ndf6 12. Rfc1 Bd7 13. Ne5 Rc8 14. Qd1 Qa5 15.
Nxe4 fxe4 16. Nxd7 Nxd7 17. Rxc8 Rxc8 18. Bh3 Rc7 19. Rc1 Nf6 20. a4 Bh6 21. e3
Bf8 1/2-1/2

[Event "FIDE World Rapid Team"]
[Site "Almaty KAZ"]
[Date "2024.08.03"]
[Round "5.32"]
[White "Akylbek, Zhaksylyk"]
[Black "Bulatov, Ramil"]
[Result "0-1"]
[WhiteElo "1662"]
[BlackElo "2137"]
[WhiteTeam "Abai Chess Team"]
[BlackTeam "Chess Dream"]
[WhiteFideId "13725980"]
[BlackFideId "4166140"]
[EventDate "2024.08.02"]

1. d4 Nc6 2. c3 e5 3. e3 d5 4. Nf3 e4 5. Nfd2 f5 6. c4 Nf6 7. Nc3 Be6 8. cxd5
Nxd5 9. Nxd5 Bxd5 10. Bc4 Qd7 11. Qb3 Na5 12. Qc3 Nxc4 13. Nxc4 Qb5 14. Nd2 Bb4
15. Qc2 O-O 16. a3 Bd6 17. b3 Rae8 18. Nc4 f4 19. Bd2 f3 20. g3 b6 21. Rc1 a5
22. Kd1 Qd7 23. Qc3 Rc8 24. Rc2 b5 25. Nxa5 c5 26. dxc5 Rxc5 27. Qd4 Rfc8 28.
Rc3 Be7 29. Rxc5 Bxc5 30. Qb2 Be7 31. b4 Bf6 32. Qb1 Bc3 33. Qc2 Bxb4 34. Qxc8+
Qxc8 35. Bxb4 Bc4 36. Nxc4 Qxc4 37. Re1 Qa2 38. Bd2 Qxa3 39. Kc2 Qa2+ 40. Kc1 b4
41. Rd1 b3 42. Bc3 Qc2# 0-1

[Event "FIDE World Rapid Team"]
[Site "Almaty KAZ"]
[Date "2024.08.03"]
[Round "5.33"]
[White "Lysakov, Anton"]
[Black "Abuzyarov, Arlan"]
[Result "0-1"]
[WhiteElo "1947"]
[BlackElo "1851"]
[WhiteTeam "Chess Dream"]
[BlackTeam "Abai Chess Team"]
[WhiteFideId "4193750"]
[BlackFideId "13726820"]
[EventDate "2024.08.02"]

1. e4 c6 2. d4 d5 3. e5 Bf5 4. Nd2 e6 5. Nb3 Nd7 6. Nf3 h6 7. Be2 Ne7 8. O-O Bh7
9. Ne1 Nf5 10. Bd3 Be7 11. f4 c5 12. dxc5 Nxc5 13. Bb5+ Nd7 14. Kh1 O-O 15. c3
Nc5 16. Nxc5 Bxc5 17. Nc2 Qh4 18. Qe1 Ng3+ 19. Qxg3 Qxg3 20. hxg3 Bxc2 21. Re1
a6 22. Bf1 Rfd8 23. Be3 Bxe3 24. Rxe3 d4 25. cxd4 Rxd4 26. Rc1 Be4 27. Rce1 Bc6
28. Rd3 Rad8 29. Red1 Rxd3 30. Rxd3 Bd5 31. a3 Rc8 32. Rc3 Rxc3 33. bxc3 Kf8 34.
Bd3 Ke7 35. Kg1 Kd7 36. g4 f6 37. exf6 gxf6 38. Kf2 Kd6 39. g3 Kc5 40. Ke3 e5 0-1

[Event "FIDE World Rapid Team"]
[Site "Almaty KAZ"]
[Date "2024.08.03"]
[Round "5.34"]
[White "Matymov, Madi"]
[Black "Kaipbayev, Aday"]
[Result "0-1"]
[WhiteElo "1824"]
[BlackElo "1711"]
[WhiteTeam "Abai Chess Team"]
[BlackTeam "Chess Dream"]
[WhiteFideId "13721283"]
[BlackFideId "379104995"]
[EventDate "2024.08.02"]

1. e4 d5 2. exd5 Nf6 3. Nc3 Nxd5 4. Nxd5 Qxd5 5. c4 Qa5 6. Nf3 g6 7. Be2 Bg7 8.
O-O O-O 9. d4 c5 10. Bd2 Qc7 11. Bc3 cxd4 12. Nxd4 a6 13. Qd2 e5 14. Nc2 Nc6 15.
Bf3 Be6 16. Ne3 Nd4 17. Bd5 Bxd5 18. Nxd5 Qd8 19. f4 f6 20. Ba5 b6 21. Bxb6 Qd6 0-1

[Event "FIDE World Rapid Team"]
[Site "Almaty KAZ"]
[Date "2024.08.03"]
[Round "5.35"]
[White "Minnekhanov, Eldar"]
[Black "Demezhanov, Tuleubek"]
[Result "0-1"]
[WhiteElo "1750"]
[BlackElo "1776"]
[WhiteTeam "Chess Dream"]
[BlackTeam "Abai Chess Team"]
[WhiteFideId "13705660"]
[BlackFideId "13707272"]
[EventDate "2024.08.02"]

1. e4 e5 2. Nf3 Nc6 3. Bc4 Nf6 4. d4 exd4 5. O-O d6 6. Nxd4 Be7 7. Nc3 O-O 8.
Re1 Re8 9. h3 h6 10. a3 Bf8 11. Bf4 Ne5 12. Ba2 Ng6 13. Bh2 Bd7 14. Qf3 c6 15.
Nf5 Bxf5 16. Qxf5 Ne5 17. Rad1 Qc8 18. Qxc8 Raxc8 19. b4 Rcd8 20. Kf1 b5 21. Rd4
a5 22. Red1 Ra8 23. Bb3 axb4 24. axb4 c5 25. R4d2 c4 26. Ba2 Ra3 27. Nxb5 Rxa2
28. f3 Rb2 29. Nxd6 Bxd6 30. Rxd6 Rxc2 31. Rd8 Nd3 32. Rxe8+ Nxe8 33. Ra1 Nf6
34. Ra8+ Kh7 35. Ra7 Rf2+ 36. Kg1 Rb2 37. Bd6 c3 38. Be5 Nxe5 0-1

[Event "FIDE World Rapid Team"]
[Site "Almaty KAZ"]
[Date "2024.08.03"]
[Round "5.36"]
[White "Akylbek, Eskendir"]
[Black "Bozhgulova, Zaynabkhan"]
[Result "1/2-1/2"]
[WhiteElo "1603"]
[BlackElo "1605"]
[WhiteTeam "Abai Chess Team"]
[BlackTeam "Chess Dream"]
[WhiteFideId "13747860"]
[BlackFideId "13727443"]
[EventDate "2024.08.02"]

1. d4 Nf6 2. Nd2 d5 3. e3 g6 4. Bd3 Bg7 5. c3 O-O 6. f4 b6 7. Ngf3 c5 8. O-O Ba6
9. Qe2 Bxd3 10. Qxd3 e6 11. Ne5 Nbd7 12. b3 Nxe5 13. fxe5 Nd7 14. Bb2 f6 15.
exf6 Nxf6 16. e4 dxe4 17. Nxe4 Nxe4 18. Qxe4 Qd5 19. Qxd5 exd5 20. Ba3 Rxf1+ 21.
Kxf1 cxd4 22. cxd4 Rc8 23. Re1 Bf6 24. Bb2 Rc2 25. Re2 Rc7 26. g4 Rf7 27. Kg2
Re7 28. Rxe7 Bxe7 29. Kf3 Kf7 30. Bc1 Bf6 31. Be3 Ke6 32. Ke2 h5 33. h3 hxg4 34.
hxg4 Bh4 35. a4 Be7 36. Bf4 a6 37. Be5 Bf6 38. Bxf6 Kxf6 39. b4 b5 40. axb5 axb5
41. Ke3 Kg5 42. Kf3 Kf6 43. Ke3 g5 1/2-1/2

[Event "FIDE World Rapid Team"]
[Site "Almaty KAZ"]
[Date "2024.08.03"]
[Round "5.37"]
[White "Balguzhinov, Bakhyt"]
[Black "Nyshanbayev, Bolat"]
[Result "1-0"]
[WhiteElo "2155"]
[BlackElo "2091"]
[WhiteTeam "Chessacademy_pvl"]
[BlackTeam "VKO Team"]
[WhiteFideId "13703854"]
[BlackFideId "13704435"]
[EventDate "2024.08.02"]

1. d4 d5 2. Nf3 e6 3. e3 Bd6 4. Bd3 f5 5. c4 c6 6. Nc3 Nf6 7. b3 Ne4 8. Ne2 O-O
9. Bb2 Qa5+ 10. Kf1 Nd7 11. a3 Qd8 12. Ne5 Nxe5 13. dxe5 Bc7 14. h4 Nc5 15. Bc2
b5 16. Nd4 bxc4 17. bxc4 Ba6 18. Nxc6 Bxc4+ 19. Kg1 Qd7 20. Nd4 Bxe5 21. a4 Bf6
22. Ba3 Rfc8 23. g4 Ne4 24. Kg2 fxg4 25. Qxg4 Nc5 26. Rad1 Kh8 27. Qh5 g6 28.
Qf3 Be7 29. Bb2 Kg8 30. h5 Rf8 31. Qg3 g5 32. h6 Bf6 33. Ba3 Rac8 34. Nf3 Ne4
35. Bxe4 1-0